00479nam a22001577a 450000500170000001000150001702000230003203500140005503700130006908200060008210000210008824500770010926000400018627000680022630000270029420170913142230.0 aENG-120271 a8185599939c400.00 aEN-103803 bDBAD/PUB aS aMagazine,Santosh aMessage to youth :bThe mystery of the pine cottagecby Santosh Magazine aJammubYak Publishing Channelc2010 aPost Box N0-130, Wadha Vehar Pacca Danga bJammu(J & K)e180001 axxviii,148p.c20cm(Hb)